Statistiques concernant Tous les pokémon d' Aldo

Cliquez ici pour prendre le quiz!

Statistiques générales

  • Ce quiz a été pris 27 fois
  • Le résultat moyen est 8 sur 10

Statistiques - réponses

HintRéponse% Correct
Kicklee
100%
Mackogneur
100%
Tygnon
100%
Or & Argent
& Cristal
Kapoera
95%
Rouge & Bleu
& Jaune
Onix
90%
Rouge Feu
& Vert Feuille
Steelix
86%
Heartgold
& Soulsilver
Hariyama
76%
Let's Go Pikachu
& Evoli
Tartard
76%
Lucario
62%
Grolem d'Alola
52%

Distribution des résultats

Percentile par nombre de réponses

% des personnes avec chaque résultat

Votre développement - résultats

Vous n’avez pas pris ce quiz